000 00672nam a22002177a 4500
008 240526b mp ||||| |||| 00| 0 mon d
020 _a978-99973-1-445-1
035 _a27042
040 _aДорноговь аймгийн нийтийн номын сан
_bmon
_cMN-UlNLM
_dMN-UlNLM
_erda
041 _amon
042 _a58883
084 _2НСНЗА
_a84/4ИхБр/-44
_bЭ-86
100 _aЭрих Кэстнер
245 0 _aЭмил ба мөрдөгчид
264 _aУБ
_bМон судар
_c2017
300 _a232х.
336 _2rdacontent
_atext
_btxt
337 _2rdamedia
_aunmediated
_bn
338 _2rdacarrier
_avolume
_bnc
942 _2NNA
_cBK
999 _c735258
_d735315